| 000 | 00729nam a2200253 i 4500 | ||
|---|---|---|---|
| 001 | 7072 | ||
| 003 | ES-MaACL | ||
| 005 | 20230906145144.0 | ||
| 007 | t| | ||
| 008 | 900816s1989 sp ||||1| spa d | ||
| 020 | _a84-376-0870-8 | ||
| 080 | _a613.885 | ||
| 100 | 1 |
_aRuse, Michael. _9101015 |
|
| 245 | 1 | 3 |
_aLa Homosexualidad / _cMichael Ruse ; traducción de Carlos Laguna. |
| 260 |
_aMadrid : _bCatedra, _cD.L. 1989. |
||
| 300 |
_a316 p. ; _c21 cm. |
||
| 490 | 1 | _aTeorema. Serie mayor | |
| 504 | _aBibliogr.: p. 295-316. | ||
| 650 | 1 | 4 |
_aHomosexualidad. _913469 |
| 700 | 1 |
_aLaguna, Carlos. _969618 |
|
| 830 | 0 |
_aTeorema. Serie mayor _9177809 |
|
| 852 |
_aES-MaACL _jL-14312 _bR.118178 _z. - rust. |
||
| 999 |
_c7072 _d7072 |
||